Rational expectations and economic policy (Record no. 39288)
[ view plain ]
| 000 -LEADER | |
|---|---|
| fixed length control field | 01711nam a2200409 a 4500 |
| 082 04 - DEWEY DECIMAL CLASSIFICATION NUMBER | |
| Classification number | 338.973 |
| 245 00 - TITLE STATEMENT | |
| Title | Rational expectations and economic policy |
| 260 ## - PUBLICATION, DISTRIBUTION, ETC. (IMPRINT) | |
| Place of publication | Chicago : |
| Name of publisher | University of Chicago Press, |
| Year of publication | c1980. |
| 300 ## - PHYSICAL DESCRIPTION | |
| Number of Pages | ix, 293 p. : |
| Other physical details | ill. |
| 490 1# - SERIES STATEMENT | |
| Series statement | A Conference report - National Bureau of Economic Research |
| 500 ## - GENERAL NOTE | |
| General note | Proceedings of a conference sponsored by the National Bureau of Economic Research, held at Bald Peak Colony Club, N.H., in Oct. 1978. |
| 650 #0 - SUBJECT ADDED ENTRY--TOPICAL TERM | |
| Topical Term | Monetary policy |
| Topical Term | Rational expectations (Economic theory) |
| 700 1# - ADDED ENTRY--PERSONAL NAME | |
| Personal name | Fischer, Stanley. |
| 856 40 - ELECTRONIC LOCATION AND ACCESS | |
| Uniform Resource Identifier | http://site.ebrary.com/lib/rucke/Doc?id=10230043 |
No items available.
